[Event "Online Olym Div3 E 2020"]
[Site "chess.com INT"]
[Date "2020.07.09"]
[Round "8.5"]
[Board "6"]
[White "Munoz Cortez, Anahi Alexandra"]
[Black "Ramos Donaire, Maria Pradi"]
[Result "0-1"]
[WhiteElo "1284"]
[BlackElo "1558"]
[WhiteTeam "Nicaragua"]
[BlackTeam "Honduras"]
[WhiteFideId "6109527"]
[BlackFideId "8402337"]
[EventDate "2020.07.07"]
[EventType "team"]

1. e4 e6 2. d4 d5 3. exd5 exd5 4. Nf3 Bd6 5. h3 Ne7 6. Bd3 Bf5 7. O-O O-O 8. Nc3
c6 9. a3 Nd7 10. Re1 Bxd3 11. Qxd3 Ng6 12. Bd2 Qc7 13. Re2 Rae8 14. Rae1 Rxe2
15. Rxe2 Nb6 16. Bc1 Bf4 17. Bxf4 Nxf4 18. Qe3 Nxe2+ 19. Nxe2 Nc4 20. Qc1 Re8
21. Ng3 Qe7 22. a4 Qf6 23. b3 Nd6 24. Ne5 Nf5 25. Qf4 Nxg3 26. fxg3 Qxf4 27.
gxf4 f6 28. Nd3 Re4 29. Kf2 Rxd4 30. Kf3 Kf7 31. g3 Ke7 32. Ke3 Re4+ 33. Kd2 Kd6
34. g4 d4 35. f5 Re3 36. Nf2 Rf3 37. Ke2 Re3+ 38. Kd2 Kd5 39. h4 Rf3 40. Ke2
Rxf2+ 41. Kxf2 Ke4 42. b4 Kf4 43. g5 Kxf5 44. gxf6 gxf6 45. Kg3 h6 46. Kf3 b5
47. a5 a6 48. Kg3 h5 49. Kf3 Ke5 50. Kg3 Ke4 51. Kg2 Ke3 52. Kg3 f5 53. Kg2 f4
54. Kf1 Kf3 55. Kg1 Ke2 56. Kg2 f3+ 57. Kh2 f2 58. Kg3 f1=Q 59. c4 Qf3+ 60. Kh2
Kf2 61. cxb5 Qg2# 0-1

[Event "Online Olym Div3 E 2020"]
[Site "chess.com INT"]
[Date "2020.07.09"]
[Round "9.1"]
[Board "1"]
[White "Rocha, Maximiliano"]
[Black "Lorenzana, Wilson Estuardo"]
[Result "0-1"]
[WhiteTitle "FM"]
[BlackTitle "IM"]
[WhiteElo "2116"]
[BlackElo "2220"]
[WhiteTeam "Nicaragua"]
[BlackTeam "Guatemala"]
[WhiteFideId "6100775"]
[BlackFideId "7300239"]
[EventDate "2020.07.07"]
[EventType "team"]

1. e4 c5 2. c3 Nf6 3. e5 Nd5 4. Bc4 Nb6 5. Bb3 e6 6. Nf3 d5 7. d4 Nc6 8. O-O Be7
9. Be3 Nd7 10. Re1 h6 11. Nbd2 c4 12. Bc2 b5 13. b3 Nb6 14. Qe2 Ba6 15. bxc4
bxc4 16. Nf1 Qd7 17. Bd2 O-O-O 18. Ng3 g6 19. h3 Rdg8 20. Nh2 h5 21. f4 h4 22.
Ngf1 g5 23. f5 Kb7 24. Qg4 Bf8 25. Ne3 Ne7 26. Rf1 Nc6 27. Rf2 Ka8 28. Raf1 Nd8
29. a4 Nc8 30. fxe6 fxe6 31. Nxd5 Be7 32. Nf6 Bxf6 33. Rxf6 Bb7 34. Bc1 Ne7 35.
Ba3 Nd5 36. Bb4 Ne3 37. Qe2 Nxf1 38. Qxf1 Nc6 39. Bd6 Na5 40. Ng4 Bd5 41. Ne3
Bb7 42. Rf7 Qc6 43. Qf6 g4 44. Qxe6 gxh3 45. d5 Qb6 46. Qxh3 Bxd5 47. Bc7 Rxg2+
48. Qxg2 Qxe3+ 49. Qf2 Rg8+ 50. Kf1 Qc1+ 51. Bd1 Qxd1+ 52. Qe1 Rg1+ 53. Kxg1
Qxe1+ 0-1

[Event "Online Olym Div3 E 2020"]
[Site "chess.com INT"]
[Date "2020.07.09"]
[Round "9.1"]
[Board "2"]
[White "Ortiz Q, Johnny Alexander"]
[Black "Espinoza, Jose"]
[Result "1-0"]
[WhiteTitle "FM"]
[WhiteElo "2192"]
[BlackElo "2098"]
[WhiteTeam "Guatemala"]
[BlackTeam "Nicaragua"]
[WhiteFideId "7300220"]
[BlackFideId "6100511"]
[EventDate "2020.07.07"]
[EventType "team"]

1. e4 c5 2. Nf3 d6 3. d4 cxd4 4. Nxd4 Nf6 5. Nc3 a6 6. Be3 e5 7. Nb3 Be6 8. f3
Qc7 9. Qd2 Nbd7 10. g4 Nc5 11. Nxc5 dxc5 12. O-O-O Rd8 13. Qxd8+ Qxd8 14. Rxd8+
Kxd8 15. Be2 Bd6 16. Rd1 Kc7 17. g5 Nd7 18. Nd5+ Bxd5 19. Rxd5 f6 20. h4 Rf8 21.
Rd1 f5 22. Rf1 g6 23. Rh1 Be7 24. Kd2 Rd8 25. Ke1 Kc6 26. Bc4 Nb6 27. Be6 f4 28.
Bd2 Kd6 29. Ba5 Kxe6 30. Bxb6 Rh8 31. h5 Rg8 32. hxg6 Rxg6 33. Rxh7 Rxg5 34. Kf2
Rg8 35. c4 Rc8 36. b3 Rc6 37. Rh6+ Kd7 38. Rxc6 Kxc6 39. Ba5 Kd7 40. Kg2 Ke6 41.
Kh3 Bd6 42. Kg4 Kf6 43. Bd8+ Kg6 44. a4 Bf8 45. Bc7 Kf6 46. Kh5 Be7 47. Kh6 Ke6
48. Kg6 Bh4 49. Bb6 Be7 50. Kg7 Bg5 51. Bxc5 Bf6+ 52. Kg6 Bd8 53. b4 Bh4 54. b5
Be1 55. Bb6 Bc3 56. c5 Bd4 57. bxa6 bxa6 58. Kg7 Kd7 59. Kf6 Kc6 60. Ke6 Bc3 61.
Ba7 Bd4 62. Bb8 Bxc5 63. Bxe5 Be3 64. Kf5 Kc5 65. Bxf4 1-0

[Event "Online Olym Div3 E 2020"]
[Site "chess.com INT"]
[Date "2020.07.09"]
[Round "9.1"]
[Board "3"]
[White "Granados Diaz, Maria Esther"]
[Black "Mencos, Claudia"]
[Result "0-1"]
[WhiteTitle "WIM"]
[BlackTitle "WIM"]
[WhiteElo "1839"]
[BlackElo "1977"]
[WhiteTeam "Nicaragua"]
[BlackTeam "Guatemala"]
[WhiteFideId "6101488"]
[BlackFideId "7300573"]
[EventDate "2020.07.07"]
[EventType "team"]

1. e4 c5 2. Nf3 e6 3. d4 cxd4 4. Nxd4 a6 5. Bd3 Nf6 6. O-O Qc7 7. c4 Be7 8. Nc3
d6 9. b3 b6 10. Bb2 Bb7 11. Rc1 Nbd7 12. Bb1 Nc5 13. Qe2 O-O 14. f4 e5 15. Nf5
Rfe8 16. Nd5 Bxd5 17. cxd5 a5 18. fxe5 dxe5 19. Rc3 Bf8 20. Rg3 g6 21. Bc1 Kh8
22. Nh6 Bxh6 23. Bxh6 Ng8 24. Bg5 h6 25. Rh3 Kg7 26. Be3 Qd6 27. Rhf3 f6 28. Rg3
Nd7 29. Rh3 Rac8 30. Qd2 g5 31. Bd3 Ne7 32. Qe2 Nc5 33. Bb5 Rf8 34. Bd2 Ng6 35.
Qh5 Rh8 36. Qf3 Nf4 37. Bxf4 exf4 38. g3 fxg3 39. Rxg3 Qe5 40. h4 Nxe4 41. Rg4
Nd2 42. Qf2 Nxf1 43. Bxf1 Qxd5 44. h5 Qc5 45. Rd4 Rhd8 0-1

[Event "Online Olym Div3 E 2020"]
[Site "chess.com INT"]
[Date "2020.07.09"]
[Round "9.1"]
[Board "4"]
[White "Mazariegos, Silvia Carolina"]
[Black "Ferrufino, Michelle"]
[Result "0-1"]
[WhiteTitle "WIM"]
[WhiteElo "1933"]
[BlackElo "1822"]
[WhiteTeam "Guatemala"]
[BlackTeam "Nicaragua"]
[WhiteFideId "7300115"]
[BlackFideId "6103162"]
[EventDate "2020.07.07"]
[EventType "team"]

1. d4 d5 2. Bf4 f5 3. e3 Nf6 4. Bd3 e6 5. Nd2 Be7 6. c3 O-O 7. Ngf3 Ne4 8. h4 c5
9. Qe2 c4 10. Bxe4 fxe4 11. Ne5 Nd7 12. Nxd7 Bxd7 13. O-O-O b5 14. f3 b4 15.
cxb4 Bxb4 16. fxe4 Qa5 17. Kb1 Ba4 18. b3 Bb5 19. exd5 exd5 20. bxc4 dxc4 21.
Qf2 Bc3 22. Ne4 Qb4+ 0-1

[Event "Online Olym Div3 E 2020"]
[Site "chess.com INT"]
[Date "2020.07.09"]
[Round "9.1"]
[Board "5"]
[White "Espinoza Solano, Jose Nahum"]
[Black "Garcia Y., Brayan Alexis"]
[Result "0-1"]
[WhiteElo "2082"]
[BlackElo "1847"]
[WhiteTeam "Nicaragua"]
[BlackTeam "Guatemala"]
[WhiteFideId "6104428"]
[BlackFideId "7303041"]
[EventDate "2020.07.07"]
[EventType "team"]

1. e4 c5 2. Nf3 d6 3. d4 cxd4 4. Nxd4 Nf6 5. Nc3 a6 6. f3 e5 7. Nb3 Be6 8. Be3
Nbd7 9. Qd2 Rc8 10. g4 Be7 11. g5 Nh5 12. O-O-O b5 13. h4 Nb6 14. Nd5 Bxd5 15.
exd5 Ng3 16. Rg1 Nxf1 17. Rgxf1 Nc4 18. Qe2 O-O 19. Kb1 a5 20. f4 Qc7 21. Bc1 b4
22. fxe5 a4 23. exd6 Bxd6 24. Nd4 b3 25. cxb3 axb3 26. Nxb3 Rfe8 27. Qf2 Ra8 28.
Rd4 Ne5 29. Rd2 Qc4 30. Qf4 Qa6 31. a3 Qb7 32. Na1 Rxa3 33. Nc2 Ra5 34. h5 Qb3
35. Nd4 Qa2+ 36. Kc2 Rc5+ 37. Kd1 Rxc1+ 38. Kxc1 Nd3+ 39. Rxd3 Bxf4+ 40. Rxf4
Qxd5 0-1

[Event "Online Olym Div3 E 2020"]
[Site "chess.com INT"]
[Date "2020.07.09"]
[Round "9.1"]
[Board "6"]
[White "Santiago Sontay, Jenny Fernanda"]
[Black "Munoz Cortez, Anahi Alexandra"]
[Result "1-0"]
[WhiteElo "1708"]
[BlackElo "1284"]
[WhiteTeam "Guatemala"]
[BlackTeam "Nicaragua"]
[WhiteFideId "7303084"]
[BlackFideId "6109527"]
[EventDate "2020.07.07"]
[EventType "team"]

1. e4 e5 2. Nf3 Nc6 3. d4 exd4 4. Nxd4 Nxd4 5. Qxd4 d6 6. Be2 Be7 7. Qxg7 Bf6 8.
Qg3 Ne7 9. O-O Ng6 10. Rd1 Be6 11. f4 Ne7 12. f5 Bd7 13. Nc3 Nc6 14. Nd5 Be5 15.
Qh3 Ne7 16. Bg5 f6 17. Bh5+ Kf8 18. Bh6+ Kg8 19. Qg4+ Ng6 20. Bxg6 hxg6 21.
Qxg6# 1-0

[Event "Online Olym Div3 E 2020"]
[Site "chess.com INT"]
[Date "2020.07.09"]
[Round "9.2"]
[Board "1"]
[White "Sanchez Alvarez, Roberto Carlos"]
[Black "Gavarrete, Nahun"]
[Result "1-0"]
[WhiteTitle "IM"]
[BlackTitle "FM"]
[WhiteElo "2409"]
[BlackElo "2359"]
[WhiteTeam "Panama"]
[BlackTeam "Honduras"]
[WhiteFideId "3508684"]
[BlackFideId "8400709"]
[EventDate "2020.07.07"]
[EventType "team"]

1. d4 Nf6 2. c4 g6 3. Nc3 d5 4. cxd5 Nxd5 5. e4 Nxc3 6. bxc3 Bg7 7. Bb5+ c6 8.
Ba4 O-O 9. Ne2 e5 10. O-O exd4 11. cxd4 c5 12. Ba3 b6 13. dxc5 Bxa1 14. Qxa1
bxc5 15. Bxc5 Bd7 16. Bxf8 Qxf8 17. Bb3 Nc6 18. Rd1 Rd8 19. Qf6 Qg7 20. Qxc6 1-0

[Event "Online Olym Div3 E 2020"]
[Site "chess.com INT"]
[Date "2020.07.09"]
[Round "9.2"]
[Board "2"]
[White "Urbina, Ricardo"]
[Black "Baules, Jorge"]
[Result "1-0"]
[WhiteTitle "IM"]
[BlackTitle "IM"]
[WhiteElo "2212"]
[BlackElo "2355"]
[WhiteTeam "Honduras"]
[BlackTeam "Panama"]
[WhiteFideId "8400253"]
[BlackFideId "6600247"]
[EventDate "2020.07.07"]
[EventType "team"]

1. e4 c5 2. Nf3 d6 3. d4 cxd4 4. Nxd4 Nf6 5. Nc3 g6 6. Be3 Bg7 7. h3 O-O 8. Bc4
Nc6 9. O-O Nxd4 10. Bxd4 Bd7 11. Re1 Bc6 12. Nd5 e6 13. Nxf6+ Bxf6 14. Bxf6 Qxf6
15. Qxd6 Qxb2 16. Bb3 Rfd8 17. Qf4 a5 18. a4 Rd4 19. Rad1 Rad8 20. Rxd4 Qxd4 21.
Re3 Bxa4 22. Kh2 Bxb3 23. Rxb3 b6 24. Rd3 Qxd3 25. cxd3 Rxd3 26. Qb8+ Kg7 27.
Qxb6 a4 28. Qb2+ Kg8 29. Qb1 Rd2 30. Qb8+ Kg7 31. Qb4 Rxf2 32. Qd4+ Rf6 33. g4
g5 34. h4 h6 35. h5 a3 36. Kg3 a2 37. Qe5 1-0

[Event "Online Olym Div3 E 2020"]
[Site "chess.com INT"]
[Date "2020.07.09"]
[Round "9.2"]
[Board "3"]
[White "Barria Baker, Raisa Melissa"]
[Black "Cruz, Bitia"]
[Result "1-0"]
[WhiteTitle "WFM"]
[BlackTitle "WCM"]
[WhiteElo "1955"]
[BlackElo "1582"]
[WhiteTeam "Panama"]
[BlackTeam "Honduras"]
[WhiteFideId "6600336"]
[BlackFideId "8400644"]
[EventDate "2020.07.07"]
[EventType "team"]

1. d4 d5 2. c4 c6 3. Nf3 Nf6 4. Nc3 e6 5. Bg5 Nbd7 6. cxd5 exd5 7. a3 Bd6 8. e3
O-O 9. Bd3 Qc7 10. Rc1 a6 11. O-O h6 12. Bh4 Re8 13. Bb1 g5 14. Bg3 Bxg3 15.
hxg3 Ne4 16. Nxd5 Qd6 17. Nc3 Ndf6 18. Nd2 Nxd2 19. Qxd2 c5 20. Rfd1 cxd4 21.
Qc2 Bg4 22. Rxd4 Qe6 23. Ne4 Nxe4 24. Rxe4 Qd7 25. Rd4 Qe6 26. Qh7+ Kf8 27. Qh8+
Ke7 28. Rc7+ Qd7 29. Rdxd7+ Bxd7 30. Qe5+ Kf8 31. Qd6+ Kg7 32. Qxd7 Rf8 33. Qf5 1-0

[Event "Online Olym Div3 E 2020"]
[Site "chess.com INT"]
[Date "2020.07.09"]
[Round "9.2"]
[Board "4"]
[White "Torres Hernandez, Leslie Carolin"]
[Black "Rondon Chacon, Yolys Desiree"]
[Result "1-0"]
[WhiteTitle "WFM"]
[WhiteElo "1884"]
[BlackElo "1707"]
[WhiteTeam "Honduras"]
[BlackTeam "Panama"]
[WhiteFideId "8400504"]
[BlackFideId "3903508"]
[EventDate "2020.07.07"]
[EventType "team"]

1. e4 d5 2. Nc3 dxe4 3. Nxe4 Bf5 4. Ng3 Bg6 5. h4 h6 6. Bc4 Nf6 7. h5 Bh7 8. d3
e6 9. Nf3 Nc6 10. Bd2 Bc5 11. Be3 Bb4+ 12. c3 Bd6 13. Ne2 a6 14. d4 Nd5 15. Bd3
Nxe3 16. fxe3 Bxd3 17. Qxd3 Qd7 18. O-O-O O-O-O 19. e4 e5 20. d5 Ne7 21. c4 f5
22. Qe3 b6 23. Kb1 Bc5 24. Qc3 fxe4 25. Nxe5 Qf5 26. Rdf1 Qg5 27. Nf7 Qxg2 28.
Nf4 Qg4 29. Ne6 Rdf8 30. Nxh8 Rxf1+ 31. Rxf1 Qxh5 32. Nxc5 b5 33. Rf8+ 1-0

[Event "Online Olym Div3 E 2020"]
[Site "chess.com INT"]
[Date "2020.07.09"]
[Round "9.2"]
[Board "5"]
[White "Mendez, Andre"]
[Black "Miller, Marlon"]
[Result "1/2-1/2"]
[BlackTitle "FM"]
[WhiteElo "1651"]
[BlackElo "2092"]
[WhiteTeam "Panama"]
[BlackTeam "Honduras"]
[WhiteFideId "6603793"]
[BlackFideId "8400555"]
[EventDate "2020.07.07"]
[EventType "team"]

1. e4 e6 2. Qe2 c5 3. Nc3 Nc6 4. g3 g6 5. Bg2 Bg7 6. f4 d6 7. Nf3 Nge7 8. d3 Rb8
9. a4 O-O 10. O-O a6 11. g4 f5 12. g5 b5 13. axb5 axb5 14. Nd1 Bd7 15. c3 b4 16.
Be3 bxc3 17. bxc3 Qb6 18. Ra2 Qb3 19. Rb2 Qa3 20. Ra2 Qb3 21. Rb2 Qa4 22. Ra2
Qb5 23. Rb2 Qa6 24. Ra2 Qb7 25. Rb2 Qc7 26. Ra2 Rb3 27. Qc2 Rfb8 28. Rb2 Rxb2
29. Nxb2 Na5 30. Nd2 Bb5 31. Ra1 d5 32. e5 Bd7 33. Na4 1/2-1/2

[Event "Online Olym Div3 E 2020"]
[Site "chess.com INT"]
[Date "2020.07.09"]
[Round "9.2"]
[Board "6"]
[White "Ramos Donaire, Maria Pradi"]
[Black "Vasquez Jaen, Lourdes Lorena"]
[Result "1/2-1/2"]
[WhiteElo "1558"]
[BlackElo "1539"]
[WhiteTeam "Honduras"]
[BlackTeam "Panama"]
[WhiteFideId "8402337"]
[BlackFideId "6605559"]
[EventDate "2020.07.07"]
[EventType "team"]

1. e4 e5 2. Nf3 Nc6 3. Bc4 Bc5 4. c3 Nf6 5. d4 exd4 6. cxd4 Bb4+ 7. Bd2 Nxe4 8.
Bxb4 Nxb4 9. Bxf7+ Kxf7 10. Qb3+ d5 11. Qxb4 Rf8 12. O-O Kg8 13. Nc3 Nf6 14.
Rfe1 b6 15. Qb5 Bd7 16. Qd3 c6 17. Rac1 Rc8 18. Ne5 Ng4 19. Nxg4 Bxg4 20. Qg3
Bd7 21. Re5 Qf6 22. Rce1 Rf7 23. Nb1 Rcf8 24. Rf1 Re7 25. Rxe7 Qxe7 26. Qe5 Re8
27. Re1 Qf7 28. Qxe8+ Bxe8 29. Nd2 h6 30. Nf3 Qh5 31. h3 Bf7 32. Re5 Qg6 33. Re7
Qb1+ 34. Kh2 Qxa2 35. Ne5 Bh5 36. Nxc6 Qxb2 37. Re5 Bg6 38. Ne7+ Kh7 39. Rxd5
Qxf2 40. Nxg6 Kxg6 41. Rd7 Qf4+ 42. Kg1 a5 43. d5 a4 44. Ra7 Qd4+ 45. Kh1 Qxd5
46. Rxa4 b5 47. Rg4+ Kh7 48. Kh2 Qd6+ 49. Kh1 b4 50. Re4 Qc6 51. Rxb4 Qd6 52.
Rg4 h5 53. Re4 Qd5 54. Re1 g6 55. Re7+ Kh6 56. Re1 Qa5 57. Rf1 Kg5 58. Kh2 Qe5+
59. Kh1 Kh4 60. Rf3 Qe1+ 61. Kh2 Qe5+ 62. Kh1 Qe2 63. Kh2 Qe5+ 64. Kh1 1/2-1/2

[Event "Online Olym Div3 E 2020"]
[Site "chess.com INT"]
[Date "2020.07.09"]
[Round "9.3"]
[Board "1"]
[White "Husbands, Orlando"]
[Black "Guzman, Christopher"]
[Result "1-0"]
[WhiteTitle "IM"]
[BlackTitle "FM"]
[WhiteElo "2324"]
[BlackElo "2258"]
[WhiteTeam "Barbados"]
[BlackTeam "Dominican Republic"]
[WhiteFideId "11101644"]
[BlackFideId "6405096"]
[EventDate "2020.07.07"]
[EventType "team"]

1. e4 e5 2. Nf3 Nc6 3. d4 exd4 4. Nxd4 Bb4+ 5. c3 Be7 6. Be2 Nf6 7. Nd2 O-O 8.
O-O d6 9. Qc2 Re8 10. Rd1 Bf8 11. Nxc6 bxc6 12. Bd3 Bg4 13. f3 Bd7 14. Nf1 d5
15. Bg5 h6 16. Bh4 Bc5+ 17. Kh1 g5 18. Bf2 Bxf2 19. Qxf2 dxe4 20. Bxe4 Nxe4 21.
fxe4 Rxe4 22. Ng3 Re6 23. Nh5 Kf8 24. Qd4 Ke7 25. Re1 Qh8 26. Ng7 Rg8 27. Nxe6
Bxe6 28. Qc5+ Kf6 29. Rf1+ Kg6 30. Rae1 Re8 31. Qxc6 Qg8 32. Qxc7 Rc8 33. Qe5
Qe8 34. Rf6+ Kh7 35. Rxe6 fxe6 36. Qxe6 Qxe6 37. Rxe6 Rd8 38. h3 Rd2 39. Re7+
Kg6 40. Rb7 a5 41. a4 Rc2 42. Kh2 h5 43. Kg3 Kf5 44. Kf3 h4 45. Rb5+ Kf6 46. g3
hxg3 47. Kxg3 Kg6 48. Kg4 Rg2+ 49. Kf3 Rc2 50. Rxa5 Rxb2 51. Rc5 Kh5 52. Kg3 Ra2
53. h4 Rxa4 54. hxg5 Kg6 55. Kf3 Rh4 56. Ke3 Rg4 57. Kd3 Rf4 58. Rd5 Kf7 59. c4
Ke6 60. Kc3 Rf1 61. Kb4 Ra1 62. Ra5 Rg1 63. Ra6+ Kd7 64. g6 Kc8 65. Rf6 Rg5 66.
c5 Kd7 67. Kb5 Ke7 68. Ra6 Kd7 69. g7 Kc7 70. Ra7+ Kb8 71. Rf7 1-0

[Event "Online Olym Div3 E 2020"]
[Site "chess.com INT"]
[Date "2020.07.09"]
[Round "9.3"]
[Board "2"]
[White "Araujo Sanchez, Josue"]
[Black "Del Castilho, Martyn"]
[Result "1-0"]
[WhiteTitle "IM"]
[BlackTitle "FM"]
[WhiteElo "2337"]
[BlackElo "2293"]
[WhiteTeam "Dominican Republic"]
[BlackTeam "Barbados"]
[WhiteFideId "6416896"]
[BlackFideId "11100400"]
[EventDate "2020.07.07"]
[EventType "team"]

1. c4 e6 2. Nf3 d5 3. b3 Nf6 4. Bb2 c5 5. g3 Nc6 6. Bg2 d4 7. O-O Be7 8. e3 O-O
9. exd4 cxd4 10. Re1 Ne8 11. Na3 f6 12. Nh4 Nc7 13. f4 e5 14. f5 d3 15. Nb5 Nxb5
16. Bd5+ Rf7 17. Bxf7+ Kxf7 18. cxb5 Qb6+ 19. Kg2 Qxb5 20. Qh5+ Kg8 21. Qe8+ Bf8
22. Ba3 Qd5+ 23. Kf2 Qd4+ 24. Re3 Nb4 25. Rc1 Qd7 26. Qh5 b6 27. Bxb4 Bxb4 28.
Qg4 Bc5 29. Rxc5 bxc5 30. Qc4+ Qf7 31. Rxd3 Qxc4 32. Rd8+ Kf7 33. bxc4 Ke7 34.
Rh8 Bb7 35. Rxh7 Kf7 36. Ke3 Rd8 37. Ng6 e4 38. Rh8 Rxh8 39. Nxh8+ Kg8 40. Ng6
Ba6 41. d3 exd3 42. Kxd3 Kf7 43. Nf4 Bc8 44. g4 Ke7 45. h3 Bd7 46. Ke3 Bc8 47.
a3 Bd7 48. Kd3 Bc8 49. Kc3 Bd7 50. Kb3 a5 51. Kc3 Bc8 52. Kd3 Bd7 53. Nh5 Kf7
54. Ng3 g6 55. fxg6+ Kxg6 56. Ke3 Be6 57. Kd3 Bd7 58. Ne4 f5 59. Nxc5 fxg4 60.
Nxd7 gxh3 61. Ne5+ Kf5 62. Nf3 Kf4 63. Ke2 Ke4 64. Kf2 Kf4 65. c5 Kf5 66. Kg3
Ke6 67. Nd4+ Kd5 68. c6 h2 69. Kxh2 Kd6 70. Kg3 1-0

[Event "Online Olym Div3 E 2020"]
[Site "chess.com INT"]
[Date "2020.07.09"]
[Round "9.3"]
[Board "3"]
[White "Blackman, Katrina"]
[Black "Castillo Pena, Patricia Evarista"]
[Result "1-0"]
[WhiteTitle "WCM"]
[BlackTitle "WCM"]
[WhiteElo "1701"]
[BlackElo "1770"]
[WhiteTeam "Barbados"]
[BlackTeam "Dominican Republic"]
[WhiteFideId "11100540"]
[BlackFideId "6412106"]
[EventDate "2020.07.07"]
[EventType "team"]

1. d4 d5 2. Nf3 Nf6 3. Bf4 e6 4. e3 Bd6 5. Bg3 c5 6. c3 Nc6 7. Bb5 O-O 8. O-O
Bxg3 9. hxg3 Qd6 10. Nbd2 a6 11. Bxc6 Qxc6 12. Ne5 Qc7 13. Ndf3 b5 14. Rc1 Bb7
15. Qd2 Ne4 16. Qe2 f6 17. Ng4 h5 18. Ngh2 Qf7 19. dxc5 Nxc5 20. Nd4 Rae8 21.
Rfd1 Qg6 22. Ndf3 Ne4 23. Rd4 e5 24. Rdd1 f5 25. Nd2 Nd6 26. Nhf3 f4 27. Nf1 Ne4
28. Qc2 Rf6 29. exf4 exf4 30. Re1 Bc6 31. Re2 Bd7 32. Rce1 Qf7 33. Qd3 Bf5 34.
Nd4 Bg6 35. Qd1 Rf8 36. f3 Nxg3 37. Re7 Ne2+ 38. R1xe2 Re8 39. Rxf7 Bxf7 40.
Rxe8+ Bxe8 41. Ne2 Bf7 42. Nd2 Re6 43. Nb3 Re3 44. Nbd4 1-0

[Event "Online Olym Div3 E 2020"]
[Site "chess.com INT"]
[Date "2020.07.09"]
[Round "9.3"]
[Board "4"]
[White "Gonzalez Peguero, Mary Loly"]
[Black "Figueroa, Julissa"]
[Result "0-1"]
[BlackTitle "WCM"]
[WhiteElo "1697"]
[BlackElo "1658"]
[WhiteTeam "Dominican Republic"]
[BlackTeam "Barbados"]
[WhiteFideId "6421482"]
[BlackFideId "7300450"]
[EventDate "2020.07.07"]
[EventType "team"]

1. Nf3 d5 2. g3 Nf6 3. Bg2 e6 4. O-O Be7 5. d3 O-O 6. Nbd2 c5 7. e4 Nc6 8. Re1
b6 9. e5 Nd7 10. Nf1 Bb7 11. h4 Re8 12. h5 Qc7 13. Bf4 Nd4 14. N1h2 Nxf3+ 15.
Nxf3 d4 16. h6 g6 17. Qd2 Qd8 18. Ng5 Bxg2 19. Kxg2 Nf8 20. Ne4 Qd5 21. Kg1 Nd7
22. Nd6 Bxd6 23. exd6 e5 24. Qe2 exf4 25. Qxe8+ Rxe8 26. Rxe8+ Nf8 27. d7 Qxd7
28. Rae1 f3 29. Kh2 Qg4 30. Rh1 Qg5 31. Re4 Qd2 32. Rf1 Qxc2 33. g4 Qxd3 34.
Rfe1 Qd2 35. Kg3 Qxb2 36. Kxf3 Qxa2 37. Re7 Qd5+ 38. Kg3 d3 39. Rxa7 d2 40. Rd1
c4 41. Ra2 c3 42. Rc2 Qe5+ 43. Kh4 Qf6+ 44. Kg3 b5 45. f4 b4 46. g5 Qd4 0-1

[Event "Online Olym Div3 E 2020"]
[Site "chess.com INT"]
[Date "2020.07.09"]
[Round "9.3"]
[Board "5"]
[White "Mahtani, Nitin"]
[Black "Mesa Cruz, Juan Carlos"]
[Result "1/2-1/2"]
[WhiteElo "1736"]
[BlackElo "1978"]
[WhiteTeam "Barbados"]
[BlackTeam "Dominican Republic"]
[WhiteFideId "11102870"]
[BlackFideId "6423400"]
[EventDate "2020.07.07"]
[EventType "team"]

1. d4 Nf6 2. c4 e6 3. Nf3 b6 4. g3 d5 5. Bg2 Bb7 6. cxd5 Bxd5 7. O-O Be7 8. Nc3
Bb7 9. Bg5 Nbd7 10. Re1 O-O 11. e4 c5 12. d5 exd5 13. exd5 Re8 14. Qd2 h6 15.
Bf4 g5 16. d6 Bf8 17. Rxe8 Nxe8 18. Nxg5 Bxg2 19. Nxf7 Kxf7 20. Kxg2 Ndf6 21.
Rd1 Qd7 22. Qd3 Rd8 1/2-1/2

[Event "Online Olym Div3 E 2020"]
[Site "chess.com INT"]
[Date "2020.07.09"]
[Round "9.3"]
[Board "6"]
[White "Ramirez Luzon, Franchesca"]
[Black "Greenidge, Vanessa"]
[Result "0-1"]
[WhiteElo "1771"]
[BlackElo "1496"]
[WhiteTeam "Dominican Republic"]
[BlackTeam "Barbados"]
[WhiteFideId "6421792"]
[BlackFideId "11103876"]
[EventDate "2020.07.07"]
[EventType "team"]

1. e4 c5 2. Nf3 g6 3. d3 Nc6 4. g3 Bg7 5. Bg2 d6 6. O-O Nf6 7. Re1 O-O 8. Nbd2
Rb8 9. h3 Bd7 10. c3 b5 11. Nf1 b4 12. d4 bxc3 13. bxc3 cxd4 14. Nxd4 Qc8 15.
Kh2 Ne5 16. Qc2 Qa6 17. a4 Nd3 18. Rd1 Nxc1 19. Rdxc1 Rfc8 20. Qa2 Rc5 21. Ne3
Rbc8 22. Bf1 Qb7 23. Nd5 Nxd5 24. exd5 Qxd5 25. Qxd5 Rxd5 26. Nb5 Rd2 27. Kg1 a6
28. Na7 Rc7 29. Rab1 Rxa7 30. Rb8+ Bf8 31. Rcb1 Bxa4 32. Rd8 Rd1 33. Rbb8 Kg7
34. Rxf8 Bb5 35. Rg8+ Kf6 36. c4 Bxc4 37. Rb4 Bxf1 38. Rf4+ Ke6 39. Re4+ Kd5 0-1

[Event "Online Olym Div3 E 2020"]
[Site "chess.com INT"]
[Date "2020.07.09"]
[Round "9.4"]
[Board "1"]
[White "Hanoeman, Suradj"]
[Black "Valdes Romero, Leonardo"]
[Result "0-1"]
[WhiteTitle "CM"]
[BlackTitle "IM"]
[WhiteElo "1988"]
[BlackElo "2402"]
[WhiteTeam "Suriname"]
[BlackTeam "Costa Rica"]
[WhiteFideId "8200173"]
[BlackFideId "6500331"]
[EventDate "2020.07.07"]
[EventType "team"]

1. d4 d6 2. Nf3 Nf6 3. c4 Nbd7 4. Nc3 e5 5. d5 Be7 6. e4 Nc5 7. Bd3 Nxd3+ 8.
Qxd3 O-O 9. h3 Nd7 10. g4 a6 11. Be3 b5 12. cxb5 axb5 13. Nxb5 Ba6 14. O-O h5
15. Rfc1 hxg4 16. hxg4 Nf6 17. Nh2 Nxe4 18. Qxe4 Bxb5 19. a4 Bd7 20. Qc2 Bg5 21.
Qxc7 Bxe3 22. Qxd8 Rfxd8 23. fxe3 Bxa4 24. Rc7 Bb3 25. Rxa8 Rxa8 26. Rd7 Ra6 27.
e4 Bc2 28. Nf3 f6 29. Nd2 Bd1 30. Nc4 Bxg4 31. Rd8+ Kh7 32. Rxd6 Ra1+ 33. Kf2
Rd1 34. b4 Rd4 35. Ne3 Rxe4 36. Nxg4 Rxg4 37. b5 Rb4 38. b6 Kg6 39. Rc6 Kf5 40.
Ke3 Rb3+ 41. Kf2 Rb5 42. Ke3 Rxd5 43. b7 Rb5 44. Rc7 g5 45. Kd3 g4 46. Kc4 Rb1 0-1